| 000 | 00457nam a2200181Ia 4500 | ||
|---|---|---|---|
| 001 | 354 | ||
| 005 | 20260306140511.0 | ||
| 008 | 260306t2008||||xx |||||||||||||| ||spa|| | ||
| 041 | _aESP | ||
| 082 |
_a101 _bS83 |
||
| 100 |
_aStein, Edith _eAUT |
||
| 245 | 0 |
_aQué es la filosofía : _bun diálogo entre Edmund Husserl y Tomás de Aquino |
|
| 260 | _c2008 | ||
| 300 |
_a45 páginas : _c21 cm. |
||
| 650 | _aGEN | ||
| 654 | _aCHU | ||
| 942 |
_cLIB _dJUS _fJUS _2ddc _n |
||
| 999 |
_c354 _d354 |
||